| 000 | 00487nam a2200169Ia 4500 | ||
|---|---|---|---|
| 003 | GCL | ||
| 008 | 140319s9999 xx 000 0 ara d | ||
| 040 |
_aGCL / _cGCL |
||
| 082 | 0 | 4 |
_a629.8 _bف هـ |
| 100 | 1 | _aفريد عبدالعزيز طلبة | |
| 245 | 1 | 0 |
_aهندسة التحكم الاوتوماتى / _cفريد عبدالعزيز طلبة |
| 300 | _a555 ص | ||
| 490 | _a | ||
| 650 | 0 | 4 | _aالهندسة |
| 650 | 0 | 4 | _aالهندسة الميكانيكية |
| 942 |
_2ddc _cBK |
||
| 999 |
_c41934 _d41934 |
||